000 00365nam a2200133 a 4500
005 20140513081058.0
008 100907s19uu xx 00 eng d
050 _aVCD
_bFr831 2006
245 _aBenjamin Franklin.
260 _bEpiphany,
_c2006.
520 _aAn inventor who discovered the existence of lightning.
650 _aScience-inventor.
999 _c116632
_d116632